000
00275nam a2200121Ia 4500
008
190216s9999||||xx |||||||||||||| ||und||
100
_a
Sree Valsan
245
0
_a
Pimpugalude Nadagangal
260
_b
Poorna Pubs Kozhikode
300
_a
85
650
_a
Nadakam
942
_c
BK
999
_c
27489
_d
27489